Políticas públicas locais e particpacao na Bahia: o dilema gestao versus política /
保存先:
| 第一著者: | |
|---|---|
| フォーマット: | テキスト |
| 主題: | |
| タグ: |
タグ追加
タグなし, このレコードへの初めてのタグを付けませんか!
|
MARC
| LEADER | 00000 a a2200000 04500 | ||
|---|---|---|---|
| 001 | 18344 | ||
| 003 | |||
| 040 | |||
| 100 | |a Milani, Carlos R. S. | ||
| 245 | |a Políticas públicas locais e particpacao na Bahia: |b o dilema gestao versus política / |c Carlos R. S. Milani | ||
| 650 | |a GOBIERNO LOCAL | ||
| 650 | |a ELABORACION DE POLITICAS | ||
| 650 | |a SOCIEDAD CIVIL | ||
| 650 | |a DEMOCRATIZACION | ||
| 650 | |a BRASIL | ||
| 773 | |g volumen 8, número 16; páginas 180-214 | ||
| 999 | |c 22180 |d 22180 | ||
